Logo BPK

Biblioteka

Politechniki Koszalińskiej

Wiadomości o podstawowych metodach numerycznych / (Rekord nr 22358)

Szczegóły MARC
000 -ETYKIETA REKORDU
podpole kontrolne o stałej długości 00421nam a2200145 i 4500
001 - NUMER KONTROLNY REKORDU
pole kontrolne bg
040 ## - ŹRÓDŁO KATALOGOWANIA
Instytucja, która utworzyła rekord BPK
041 ## - KOD JĘZYKA
Kod języka tekstu pol
008 - POLE O STAŁEJ DŁUGOŚCI - DANE KONTROLNE
podpole kontrolne o stałej długości s pl f |000 0 pol
100 1# - NAZWA OSOBOWA
Nazwa osobowa PROSNAK, Włodzimierz J.
Daty związane z nazwą (1925- ).
245 #0 - TYTUŁ/ODPOWIEDZIALNOŚĆ
Tytuł Wiadomości o podstawowych metodach numerycznych /
Pozostałe elementy strefy tytułu i oznaczenia odpowiedzialności J.W. Prosnak.
260 ## - STREFA ADRESU WYDAWNICZEGO
Miejsce wydania Gdańsk,
Data publikacji, dystrybucji/powstania dokumentu 1983.
500 ## - UWAGI OGÓLNE
Tekst uwagi Aneks: Wiadomości o podstawowych metodach numerycznych.
856 ## - LOKALIZACJA I DOSTĘP DO ELEKTRONICZNYCH DOKUMENTÓW ZDALNYCH
Link (URL) http://koha.tu.koszalin.pl/cgi-bin/koha/opac-detail.pl?biblionumber=22358
Tekst linku Katalog online BPK
942 ## - DODATKOWE ELEMENTY (KOHA)
Typ dokumentu Książka
Egzemplarze
Wycofany Status egzemplarza Uszkodzony Dostępność Lokalizacja stała Lokalizacja bieżąca Miejsce przechowywania Sygnatura Kod kreskowy Typ dokumentu
      Dostępny Biblioteka Politechniki Koszalińskiej Biblioteka Politechniki Koszalińskiej Wypożyczalnia BG 31396 01394863 Książka
© 2023 Biblioteka Politechniki Koszalińskiej :: KOHA